Economic myth and reality

保存先:
書誌詳細
第一著者: Snider, Delbert A.
フォーマット: 図書
言語:Undetermined
出版事項: New Jersey Prentice-Hall, Inc. 1965
タグ: タグ追加
タグなし, このレコードへの初めてのタグを付けませんか!
Thư viện lưu trữ: Trung tâm Học liệu Trường Đại học Cần Thơ
LEADER 00424nam a2200157Ia 4500
001 CTU_79319
008 210402s9999 xx 000 0 und d
082 |a 330.973 
082 |b S672 
100 |a Snider, Delbert A. 
245 0 |a Economic myth and reality 
245 0 |c Delbert A. Snider 
260 |a New Jersey 
260 |b Prentice-Hall, Inc. 
260 |c 1965 
980 |a Trung tâm Học liệu Trường Đại học Cần Thơ